[Event "4th Ordu Open 2018"]
[Site "Ordu"]
[Date "2018.04.10"]
[Round "2.10"]
[White "Kizilkus, Akin"]
[Black "Basso, Pier Luigi"]
[Result "1/2-1/2"]
[WhiteElo "2040"]
[BlackElo "2459"]
[Annotator "TA"]
[PlyCount "43"]
[EventType "swiss"]
[EventCountry "TUR"]
[SourceTitle "playchess.com"]
[Source "ChessBase"]
[SourceQuality "1"]

{[%evp 14,43,86,81,103,38,118,20,10,-1,0,-7,41,30,68,67,71,26,26,26,26,26,33,43,85,95,87,-550,206,91,215,72]} 1. d4 g6 2. c4 Bg7 3. Nc3 e6 4. Nf3 Ne7 5. Bf4 d6 6. Qd2 {A40: Unusual replies to 1 d4} h6 7. h4 a6 8. e4 {LiveBook: 4 Games. White is better.} Nbc6 $146 ({Predecessor:} 8... b6 9. Be3 Nd7 10. Be2 Nf6 11. Rd1 Bb7 12. Qc2 {0-1 (31) Kuzubov,Y (2639)-Malakhov,V (2701) Kishinev 2014}) 9. Rd1 (9. O-O-O $16) 9... d5 (9... f5 $14) 10. cxd5 (10. Bd3 $16) 10... exd5 $11 11. Nxd5 Nxd5 12. exd5 Ne7 13. Bc4 Nxd5 14. O-O Nxf4 15. Qxf4 {[%csl Gc4][%cal Rf4f7] [#]} O-O 16. Ne5 $36 {[%cal Rc4f7][%mdl 2048] White has the initiative.} Qf6 $1 {[%cal Rf6f4]} 17. Qxf6 Bxf6 18. Nxg6 $1 Rd8 19. Ne5 Be6 20. Nf3 $2 {[%mdl 8192] [#]} (20. Bxe6 $16 {and life is bright.} fxe6 21. Rfe1) 20... Rd5 $4 {[%mdl 8192]} (20... Bxc4 $19 21. Rfe1 Bxa2) 21. Rd2 (21. Bxd5 $18 {is more deadly.} Bxd5 22. b3) 21... Rad8 (21... Ra5 $16 22. Bxe6 fxe6) 22. Rfd1 {Precision: White = 23%, Black =  9%.} (22. Bxd5 $18 Bxd5 23. Rc1) 1/2-1/2

[Event "4th Ordu Open 2018"]
[Site "Ordu"]
[Date "2018.04.10"]
[Round "2.11"]
[White "Mammadov, Zaur"]
[Black "Isik, Esref"]
[Result "1/2-1/2"]
[WhiteElo "2454"]
[BlackElo "1824"]
[Annotator "TA"]
[PlyCount "162"]
[EventType "swiss"]
[EventCountry "TUR"]
[SourceTitle "playchess.com"]
[Source "ChessBase"]
[SourceQuality "1"]

{[%evp 10,162,28,27,43,37,23,17,11,10,13,6,58,29,218,226,194,141,170,114,121,115,110,117,123,118,112,118,114,122,107,55,53,46,42,50,79,14,11,10,18,0,16,14,22,0,0,0,0,0,0,0,0,0,0,0,0,0,0,0,0,-48,-5,-9,-3,-6,-10,-68,0,-12,-13,-11,-5,-5,0,0,0,-2,0,-23,-39,-148,-148,-136,0,-66,0,0,0,0,4,0,0,0,0,0,0,0,9,8,12,8,9,8,10,0,10,0,0,0,0,0,0,0,0,0,0,0,0,0,0,0,0,0,0,0,0,0,0,0,0,0,0,0,0,0,0,0,0,0,0,0,0,0,0,0,0,0,0,0,0,0,0,0,0]} 1. e4 c5 2. c3 d5 3. exd5 Qxd5 4. d4 Nf6 5. Nf3 cxd4 6. cxd4 {[#] LiveBook: 72 Games} e5 $1 {[%mdl 512] B22: Sicilian: 2 c3} (6... e6 7. Bd3 Nc6 8. O-O Be7 9. Nc3 Qd6 10. Be3 O-O 11. Qe2 Nb4 12. Bb1 b6 13. Nb5 Qd8 14. Bf4 Nbd5 15. Bg3 Bb7 16. Ne5 a6 17. Nc3 Nxc3 18. bxc3 Rc8 {½-½ (96) Wiewiora,E (2320)-Ladva,O (2522) Katowice 2017}) 7. Nc3 (7. dxe5 Qxd1+) 7... Bb4 8. Bd2 $146 ({Predecessor:} 8. dxe5 Bxc3+ 9. bxc3 Qxd1+ 10. Kxd1 Ne4 11. Ke1 O-O 12. Bd3 Nxc3 13. Bd2 {0-1 (38) Gosztola,I (2181)-Horkai,A (2148) Hungary 2004}) 8... Bxc3 $1 9. Bxc3 exd4 10. Bxd4 Qe6+ (10... Nc6 $11) 11. Be2 h6 $2 {[#]} (11... O-O $11) 12. Bc5 $1 $18 Qd5 13. Qxd5 (13. O-O $18) 13... Nxd5 $16 14. O-O (14. O-O-O $18 Be6 15. Nd4) 14... Nc6 15. Rfe1 Be6 16. Rac1 {[%cal Ba1c1,Bc1c3,Bc3b3,Bb3g3][%mdl 32]} Nf4 17. Bf1 Rd8 18. Rc3 Nd5 19. Rb3 Rd7 20. Ne5 (20. Bb5 $16 Nde7 21. Ne5) 20... Nxe5 $14 21. Rxe5 b6 22. Ba3 Nc7 23. Rg3 (23. Rc3 $16) 23... f6 $11 24. Re1 Kf7 25. Be2 Bf5 26. Re3 Rhd8 27. Re7+ Rxe7 28. Bh5+ Bg6 {[%cal Re7e1]} 29. Rxe7+ Kg8 30. Be2 Nb5 31. Bb4 {Strongly threatening Bc4+.} Nd4 {aiming for ...Nc6.} 32. Bc4+ Kh7 33. Bc3 b5 34. Bf1 b4 35. Be1 ({Not} 35. Bxb4 $2 Nc6 $19) (35. Bxd4 $5 Rxd4 36. f3 $11) 35... a5 36. f4 Nf5 37. Re2 Rd1 38. Kf2 (38. Bf2 $11) 38... Bf7 (38... Nd6 $15) 39. b3 Nd6 40. g4 h5 41. h3 hxg4 42. hxg4 Bd5 43. Bh3 Rd4 44. f5 Kh6 45. Re7 {[#]} (45. Ke3 $15 Re4+ 46. Kd3) 45... Ne4+ $1 $17 46. Ke2 Ng5 (46... Nc3+ $17 47. Bxc3 bxc3) 47. Bf2 $1 $15 {[%cal Rf2d4]} Re4+ ({Black should play} 47... Rf4 $1 $15) 48. Rxe4 $11 {The position is equal.} Bxe4 {[%mdl 4096] Endgame KBB-KBN} 49. Be3 g6 50. Kd2 gxf5 51. gxf5 Kh5 52. Bf1 Nf3+ 53. Kc1 Bxf5 54. Bb6 {Black should prevent Be2.} Ne5 55. Bxa5 Nc6 $1 {[%cal Rc6a5]} 56. Bc7 Be4 57. Bb5 Kg4 58. Bd6 (58. Kd2 {feels hotter.} Ne7 59. Ke3 Bb1 60. Be2+ Kg5 61. Bf4+) 58... f5 59. Bxc6 (59. Be2+ {is more complex.} Kg5 60. Ba6 f4 61. Bc8 Bf5 62. Bb7) 59... Bxc6 60. Bxb4 {KB-KB} f4 61. Kd2 Bd5 62. Kd3 Bf7 63. Be1 Kf3 64. Bh4 Kg4 65. Bf2 Kf3 66. Bc5 Kg2 67. Kc3 {a4 is the strong threat.} f3 68. a4 {Hoping for b4.} f2 $1 {[%cal Rf2f1] [#]} 69. Bxf2 $1 {[%mdl 512]} Kxf2 {KB-KPP} 70. a5 {And now b4 would win.} Ke3 71. a6 Ke4 72. Kb4 Kd4 73. a7 Bd5 74. Kb5 Ba8 75. b4 Kd5 76. Kb6 Kd6 77. b5 Kd7 78. Ka6 Kc7 79. b6+ Kc6 80. b7 Bxb7+ 81. Ka5 Kd5 {Precision: White = 57%, Black = 72%.} 1/2-1/2

[Event "4th Ordu Open 2018"]
[Site "Ordu"]
[Date "2018.04.10"]
[Round "2.12"]
[White "Karacay, Aybar"]
[Black "Csonka, Balazs"]
[Result "0-1"]
[WhiteElo "1821"]
[BlackElo "2453"]
[Annotator "TA"]
[PlyCount "142"]
[EventType "swiss"]
[EventCountry "TUR"]
[SourceTitle "playchess.com"]
[Source "ChessBase"]
[SourceQuality "1"]

{[%evp 12,142,-1,-7,-11,-8,0,-34,-18,-27,-26,-37,-5,-78,-77,-77,-80,-78,-78,-79,-79,-76,-60,-70,-33,-98,-93,-140,-140,-141,-128,-141,-135,-134,-134,-134,-127,-132,-129,-136,-120,-136,-101,-125,-94,-131,-133,-135,-135,-165,-161,-176,-20,-27,82,-127,-62,-65,-44,-70,-46,-79,-37,-64,-62,-97,-73,-87,-77,-136,-135,-142,-133,-137,-135,-188,-112,-190,-182,-192,-200,-228,-207,-633,-606,-593,-562,-510,-114,-125,53,-568,-568,-702,-702,-642,-624,-816,-740,-894,-844,-1140,-1131,-1115,-1099,-1124,-1093,-1017,-947,-808,-784,-638,-622,-593,-597,-772,-777,-762,-744,-779,-766,-5214,-5218,-5189,-1979,-29977,-29978,-29981,-29982,-29991,-29991,-29991,-29991]} 1. Nf3 c5 2. b3 d5 3. e3 Nf6 4. Bb2 Nc6 5. Bb5 e6 6. Bxc6+ {A06: Réti Opening:1 Nf3 d5} bxc6 7. d3 {LiveBook: 3 Games} Bd6 8. Nbd2 {The position is equal.} (8. c4 O-O 9. Nc3 e5 10. e4 d4 11. Ne2 Nh5 12. Ng3 {1-0 (30) Nakamura,H (2776)-Karjakin,S (2760) Zuerich 2015}) 8... Nd7 9. O-O O-O 10. e4 e5 $146 ({Predecessor:} 10... Qc7 11. Re1 Bf4 12. Nf1 d4 13. g3 Bd6 14. N3d2 {0-1 (55) Lund,E (1868)-Lindbol,A (1971) Oslo 2017}) 11. Re1 f6 12. c4 (12. Nh4 $11) 12... d4 $17 13. Nf1 Rf7 14. h3 Nf8 15. Ng3 g6 16. Nh2 Ne6 17. Bc1 Bd7 18. f3 (18. Bh6 $15) 18... f5 19. Re2 f4 20. Nh1 h5 21. Bd2 Ng5 22. Nf2 Rg7 23. Re1 Nf7 24. Kf1 Nh6 25. Ke2 Be7 26. Rh1 Bh4 27. Qf1 g5 28. Kd1 a5 29. a4 Be6 30. Kc2 Rb7 31. Qe2 Bg3 $2 ({Black should play} 31... Rab8 $19 32. Rab1 Kh7) 32. Nf1 $1 $11 Ra6 (32... Bxf2 $11 33. Qxf2 h4) 33. Be1 $2 (33. Nxg3 $16 fxg3 34. f4 gxf2 35. Qxh5) 33... Bxf2 (33... Nf7 $17 34. Rb1 Ra8) 34. Bxf2 Qb6 35. Nd2 Qb4 36. Rhc1 g4 37. hxg4 hxg4 38. Kd1 Rh7 39. Be1 g3 40. Rc2 ({Better is} 40. Kc2) 40... Nf7 $17 41. Kc1 Qb6 42. Kb2 Ra7 $36 {[%mdl 2048] White is under strong pressure.} 43. Ra3 (43. Rb1 $17 {was worth a try.}) 43... Nd6 (43... Nh8 $19 44. Ra1 Rab7) 44. Ka2 (44. Rc1 $17) 44... Rh1 $19 45. Nf1 Rah7 {Threatens to win with ...Rg1.} 46. Nxg3 fxg3 47. Bxg3 $2 (47. Kb2) 47... Rg1 48. Be1 Rhh1 49. Rc1 Nb7 $2 (49... Qb7 $19 {is more deadly.} 50. Ka1 Rh2) 50. Kb2 Rh2 $2 {[#]} (50... Qd8 $17 {Hoping for ...Qg5.} 51. Bd2 Rxc1 52. Bxc1 Rh2) 51. Rc2 $2 {[%mdl 8192] [#]} (51. Bxa5 $1 $14 {[%mdl 512] was the only good move.} Rgxg2 (51... Qxa5 52. Rxg1) 52. Rg1 Rxg1 53. Qxh2 Nxa5 54. Qxg1+ Kf8 55. Qg5) 51... Bh3 $1 {[%mdl 512]} 52. gxh3 Rxe2 53. Rxe2 Rf1 54. Kc2 Rxf3 55. h4 Kh7 56. Bd2 Nd8 57. Rg2 Ne6 58. Ra1 Rxd3 59. Kxd3 Qxb3+ 60. Ke2 Qb2 {...Nf4+ is the strong threat.} 61. Rf1 {[#]} Nf4+ $1 62. Rxf4 exf4 {[%mdl 4096] Endgame KQ-KRB} 63. Kf3 Qb3+ 64. Kxf4 Qxc4 65. Ke5 d3 {[%cal Bd4d3,Bd3d2][%mdl 32]} 66. Bg5 Qd4+ 67. Kf5 c4 {[%cal Bc5c4,Bc4c3][%mdl 32]} 68. e5 c3 {Black mates.} 69. Bf6 Qd7+ 70. Kf4 d2 71. e6 Qxe6 {Precision: White = 41%, Black = 51%.} 0-1

[Event "4th Ordu Open 2018"]
[Site "Ordu"]
[Date "2018.04.10"]
[Round "2.13"]
[White "Kamer, Kayra"]
[Black "Kocyigit, Buse Naz"]
[Result "1-0"]
[WhiteElo "2185"]
[BlackElo "1831"]
[Annotator "NA"]
[PlyCount "51"]
[EventType "swiss"]
[EventCountry "TUR"]
[SourceTitle "playchess.com"]
[Source "ChessBase"]
[SourceQuality "1"]
[TimeControl "5400+30"]

1. Nc3 {[%emt 0:00:30]} d5 {[%emt 0:01:00]} 2. e4 {[%emt 0:00:30]} d4 {[%emt 0:00:30]} 3. Nce2 {[%emt 0:00:30]} c5 {[%emt 0:00:00]} 4. Ng3 {[%emt 0:00:00]} Nc6 $11 {[%emt 0:00:00] LiveBook: 39 Games} 5. Nf3 {[%emt 0:00:00]} h5 {[%emt 0:00:30]} 6. Bc4 {[%emt 0:01:30]} Nf6 {[%emt 0:01:30]} 7. d3 {[%emt 0:00:30]} b5 {[%emt 0:00:30]} 8. Bb3 {[%emt 0:01:30]} e6 {[%emt 0:01:30]} 9. Bg5 {[%emt 0:01:30]} Be7 {[%emt 0:01:30]} 10. a4 {[%emt 0:00:30]} b4 {[%emt 0:00:30]} 11. Qe2 {[%emt 0:03:30]} Ba6 {[%emt 0:02:30]} 12. e5 {[%emt 0:01:30]} Nd5 {[%emt 0:02:30]} 13. Bxe7 {[%emt 0:00:30]} Qxe7 {[%emt 0:06:30]} 14. Bxd5 {[%emt 0:00:30]} exd5 {[%emt 0:00:30]} 15. Nf5 {[%emt 0:00:30]} Qf8 {[%emt 0:03:30]} 16. e6 {[%emt 0:00:30]} f6 {[%emt 0:02:30]} 17. N3h4 {[%emt 0:01:30]} Ne5 {[%emt 0:05:30]} 18. f4 {[%emt 0:00:30]} g5 {[%emt 0:04:30]} 19. e7 {[%emt 0:00:30]} Qg8 {[%emt 0:00:30]} 20. fxe5 {[%emt 0:00:30]} gxh4 {[%emt 0:00:30]} 21. exf6 {[%emt 0:00:00]} Kd7 {[%emt 0:02:30]} 22. Qe5 {[%emt 0:00:00]} Qe6 {[%emt 0:00:30]} 23. Qxe6+ {[%emt 0:00:30]} Kxe6 {[%emt 0:00:30]} 24. O-O {[%emt 0:00:00]} Kxf6 {[%emt 0:00:30]} 25. Rae1 {[%emt 0:00:00]} Rae8 {[%emt 0:02:30]} 26. Nd6+ {[%emt 0:00:30]} 1-0

[Event "4th Ordu Open 2018"]
[Site "Ordu"]
[Date "2018.04.10"]
[Round "2.14"]
[White "Ozen, Deniz"]
[Black "Maghalashvili, Davit"]
[Result "1/2-1/2"]
[WhiteElo "2408"]
[BlackElo "2522"]
[Annotator "TA"]
[PlyCount "95"]
[EventType "swiss"]
[EventCountry "TUR"]
[SourceTitle "playchess.com"]
[Source "ChessBase"]
[SourceQuality "1"]

{[%evp 16,95,8,7,29,13,30,32,29,26,30,0,0,-43,2,4,-4,-42,25,18,27,23,28,6,17,0,0,-15,0,-57,-48,-51,-39,-54,-43,-40,-50,-62,0,0,0,0,0,0,0,0,0,0,0,0,0,0,0,0,95,-13,-19,-36,0,0,0,0,0,0,0,0,0,0,0,0,0,0,0,0,0,0,0,0,0,0,0,0]} 1. e4 c5 2. Nf3 d6 3. Bb5+ Nc6 4. O-O Bd7 5. Re1 a6 (5... Nf6 6. c3 a6 7. Bf1 Bg4 8. h3 Bxf3 9. Qxf3 g6 10. Na3 Bg7 11. Nc2 Nd7 12. Qd1 O-O 13. b3 Rc8 14. d4 cxd4 15. cxd4 Qb6 16. Be3 Nb4 17. Nxb4 Qxb4 {0-1 (60) Fedoseev,V (2724)-Mamedov,R (2709) chess.com INT 2018}) 6. Bc4 {B51: Sicilian: Moscow Variation (3 Bb5+) without 3...Bd7} Nf6 7. c3 Bg4 8. d4 Bxf3 9. gxf3 {LiveBook: 13 Games} e5 {[%cal Rc5d4]} 10. d5 Nb8 $146 ({Predecessor:} 10... Ne7 11. f4 g6 12. fxe5 dxe5 13. f4 Nd7 {1-0 (26) Hamidullin,A (2277)-Dolbnya,D (2033) Moscow 2008}) 11. f4 Nbd7 12. fxe5 Nxe5 13. Bf1 g5 14. Bg2 Rg8 15. Nd2 g4 16. Nf1 Nh5 (16... h5 $15) 17. Ng3 $11 Nxg3 18. fxg3 h5 19. Bf4 Bg7 20. Qe2 h4 21. gxh4 Nf3+ 22. Kh1 (22. Bxf3 $11 gxf3 23. Qxf3 Bxc3+ 24. Bg5 Bxe1 25. Rxe1) 22... Nxe1 $15 23. Rxe1 Be5 24. Bxe5 dxe5 25. Qf2 $1 Qe7 26. Qf5 Qxh4 (26... Rd8 $15) 27. Qxe5+ $11 Qe7 28. Qf4 Qg5 29. Qc7 Qe7 30. Qf4 O-O-O 31. e5 Rh8 32. Qxg4+ Kb8 33. h3 Rdg8 34. Qf3 Rg5 (34... Rg6 $11) 35. d6 (35. Qf4 $16 Rd8 36. e6+ Ka7 37. Qxf7 Qxf7 38. exf7) 35... Qd7 36. Kh2 Rhh5 (36... f6 $5) 37. Qd5 {The position is equal.} f6 {[%cal Rg5e5]} 38. Qxb7+ Qxb7 39. Bxb7 Kxb7 40. e6 {[%cal Be5e6,Be6e7][%mdl 32]} Re5 $1 {[%cal Re5e1]} 41. e7 $1 Rxe1 42. d7 Re2+ 43. Kg3 Rg5+ 44. Kf3 Rge5 45. d8=Q {[#] Hoping for Qd7+.} R2e3+ $1 46. Kf2 {Threatens to win with Qd2.} Re2+ 47. Kf3 {Qd3 is the strong threat.} R2e3+ $1 48. Kf2 {Precision: White = 61%, Black = 55%.} 1/2-1/2

[Event "4th Ordu Open 2018"]
[Site "Ordu"]
[Date "2018.04.10"]
[Round "2.15"]
[White "Karaca, AlpEr Tunga"]
[Black "Morozov, Nichita"]
[Result "0-1"]
[WhiteElo "1910"]
[BlackElo "2443"]
[Annotator "TA"]
[PlyCount "91"]
[EventType "swiss"]
[EventCountry "TUR"]
[SourceTitle "playchess.com"]
[Source "ChessBase"]
[SourceQuality "1"]

{[%evp 16,91,38,25,18,20,20,11,46,46,46,42,68,57,47,39,37,49,43,30,28,28,33,19,29,16,45,7,1,-28,0,0,0,0,0,0,0,0,63,0,0,7,5,28,156,139,123,24,25,29,19,22,365,85,327,326,341,272,464,470,404,388,263,0,0,-63,-77,-370,-370,-243,-235,-12834,-12835,-12836,-12834,-12837,-12837,-12839]} 1. e4 e5 2. Nf3 Nc6 3. Bc4 Nf6 4. d3 h6 5. c3 d6 6. O-O g6 7. Re1 Bg7 8. Nbd2 O-O 9. Bb3 {LiveBook: 131 Games} d5 {C55: Two Knights: 4 d3, 4 d4 exd4 5 e5 and Max Lange Attack} (9... Re8 10. Nf1 Be6 11. h3 d5 12. Ng3 Qd7 13. Ba4 Nh7 14. d4 exd4 15. Nxd4 Rad8 16. Be3 dxe4 17. Nxc6 bxc6 18. Nxe4 {½-½ (33) Anand,V (2782)-Ponkratov,P (2613) Riadh 2017}) 10. exd5 Nxd5 11. Nc4 {[%cal Rf3e5]} Bg4 {The position is equal.} 12. h3 Bxf3 $1 13. Qxf3 Nde7 14. a4 $146 Qd7 15. Bd2 Rad8 16. Bc2 Nf5 17. b4 Nd6 18. Nxd6 cxd6 19. Bb3 d5 20. Rad1 a6 21. Qg3 Ne7 22. f4 Nf5 23. Qf2 exf4 $1 24. Qxf4 d4 25. c4 Bf6 26. c5 Kh7 (26... Bg5 $11 27. Qf3 Be3+ 28. Bxe3 Nxe3) 27. Re4 (27. Qf3 $14 Kg7 28. Bf4) 27... Bg5 $11 28. Qg4 Bxd2 29. Rxd2 Qc6 (29... b6 $11 {remains equal.}) 30. Rf2 a5 31. Rxf5 (31. Qf4 $1 $16) 31... gxf5 32. Qxf5+ Qg6 33. Qf3 {Threatens to win with Rg4.} h5 $2 {[%mdl 8192]} (33... Qg7 $11) 34. Re7 $2 (34. bxa5 Qg5 $16) (34. Re5 $18 {and the rest is easy.} Kg7 35. Rxh5 (35. bxa5 Rde8 $16)) 34... Kg7 $2 (34... Qg5 $16 {was worth a try.} 35. Qe4+ (35. Bxf7 axb4 36. Qxb7 Kh8 $14) (35. Rxf7+ Rxf7 36. Qxf7+ Kh6 $11) (35. Rxb7 axb4 36. c6 Qe3+ 37. Qxe3 dxe3 $16) 35... Kg7) 35. b5 $18 ({Not} 35. bxa5 Rc8 $18) ({Weaker is} 35. Qxb7 axb4 36. Qb5 (36. Qxb4 Qxd3 37. c6 Rde8 $11) 36... Qg5 $11) 35... Rde8 36. Qxb7 Rxe7 $2 (36... Qf6 37. Re4 Qf5) 37. Qxe7 Qxd3 {[%mdl 4096] Endgame KQR-KQB} 38. Qg5+ Qg6 {[#]} 39. Qxg6+ $2 (39. h4 $1 $18) 39... fxg6 {KR-KB} 40. c6 (40. b6 $11 Kf6 41. Kf2) 40... Kf6 $15 41. c7 $2 {[%mdl 8192]} (41. Bc2 $17) 41... Ke7 $19 42. b6 {[#] aiming for b7.} Kd6 $1 43. Bd5 $2 (43. Bc4 Kc6 44. Ba6) 43... d3 {[%cal Bd4d3,Bd3d2][%mdl 32] Black is clearly winning.} 44. Bf3 d2 45. Kh2 Kd7 46. Be2 {Precision: White = 28%, Black = 33%.} 0-1

[Event "4th Ordu Open 2018"]
[Site "Ordu"]
[Date "2018.04.10"]
[Round "2.16"]
[White "Mgeladze, Tamaz"]
[Black "Severcan, Sedat Sabri"]
[Result "1-0"]
[WhiteElo "2363"]
[BlackElo "1993"]
[Annotator "NA"]
[PlyCount "63"]
[EventType "swiss"]
[EventCountry "TUR"]
[SourceTitle "playchess.com"]
[Source "ChessBase"]
[SourceQuality "1"]
[TimeControl "5400+30"]

1. c4 {[%emt 0:00:30]} e6 {[%emt 0:02:00]} 2. g3 {[%emt 0:00:00]} d5 {[%emt 0:00:00]} 3. Nf3 {[%emt 0:00:00]} Nf6 {[%emt 0:04:00]} 4. Bg2 {[%emt 0:00:30]} Be7 {[%emt 0:00:30]} 5. O-O {[%emt 0:00:30]} O-O {[%emt 0:01:30]} 6. b3 {[%emt 0:00:00]} Nbd7 {[%emt 0:01:30]} 7. Nc3 {[%emt 0:03:00]} Nc5 {[%emt 0:05:30]} 8. d3 {[%emt 0:02:30]} c6 {[%emt 0:03:30]} 9. b4 {[%emt 0:04:30]} Ncd7 {[%emt 0:05:30]} 10. b5 {[%emt 0:00:30]} c5 {[%emt 0:10:30]} 11. e3 {[%emt 0:04:30]} Re8 {[%emt 0:12:30]} 12. Bb2 {[%emt 0:04:30]} Nf8 {[%emt 0:05:30]} 13. Qe2 {[%emt 0:08:30]} Ng6 {[%emt 0:02:30]} 14. Rfe1 {[%emt 0:04:30]} Rb8 {[%emt 0:03:30]} 15. Rad1 {[%emt 0:03:30]} dxc4 {[%emt 0:05:30]} 16. dxc4 {[%emt 0:00:30]} Qc7 {[%emt 0:02:30]} 17. h4 {[%emt 0:07:30]} h5 {[%emt 0:04:30]} 18. e4 {[%emt 0:05:30]} e5 {[%emt 0:14:57]} 19. Nd5 {[%emt 0:04:30]} Nxd5 {[%emt 0:00:47]} 20. exd5 {[%emt 0:00:30]} Bd6 {[%emt 0:08:56]} 21. Nh2 {[%emt 0:03:30]} Qa5 {[%emt 0:02:44]} 22. a3 {[%emt 0:01:30]} a6 {[%emt 0:00:21]} 23. Be4 {[%emt 0:01:30]} axb5 {[%emt 0:00:55]} 24. Qxh5 {[%emt 0:00:30]} Nf8 {[%emt 0:01:09]} 25. Nf3 {[%emt 0:00:30]} g6 {[%emt 0:01:43]} 26. Qh6 {[%emt 0:00:00]} Bg4 {[%emt 0:00:00]} 27. Re3 {[%emt 0:03:00]} bxc4 {[%emt 0:00:10]} 28. Rde1 {[%emt 0:01:30]} Qc7 {[%emt 0:00:31]} 29. Bc2 {[%emt 0:02:30]} Bxf3 {[%emt 0:00:44]} 30. Rxf3 {[%emt 0:00:00]} Qd7 {[%emt 0:00:45]} 31. h5 {[%emt 0:01:00]} Qh3 {[%emt 0:00:17]} 32. Rxf7 {[%emt 0:00:30]} 1-0

[Event "4th Ordu Open 2018"]
[Site "Ordu"]
[Date "2018.04.10"]
[Round "2.18"]
[White "Asadi, Motahare"]
[Black "Alinasab, Mobina"]
[Result "1/2-1/2"]
[WhiteElo "2046"]
[BlackElo "2320"]
[Annotator "NA"]
[PlyCount "108"]
[EventType "swiss"]
[EventCountry "TUR"]
[SourceTitle "playchess.com"]
[Source "ChessBase"]
[SourceQuality "1"]
[TimeControl "5400+30"]

1. Nf3 {[%emt 0:00:30] 0} Nf6 {[%emt 0:01:00] 0} 2. g3 {[%emt 0:00:30] 0} b5 {[%emt 0:00:00]} 3. Bg2 {[%emt 0:00:30]} Bb7 {[%emt 0:01:00]} 4. O-O {[%emt 0:00:30]} e6 {[%emt 0:00:00]} 5. d3 $11 {[%emt 0:00:30] LiveBook: 557 Games} d5 {[%emt 0:00:00]} 6. Nfd2 {[%emt 0:00:30]} Be7 {[%emt 0:00:00]} 7. e4 {[%emt 0:00:30]} c5 {[%emt 0:02:00]} 8. c4 {[%emt 0:10:30]} bxc4 {[%emt 0:24:30]} 9. exd5 {[%emt 0:00:30]} Bxd5 {[%emt 0:00:30]} 10. Qa4+ {[%emt 0:01:30]} Qd7 {[%emt 0:01:30]} 11. Qxd7+ {[%emt 0:00:30]} Nbxd7 {[%emt 0:00:00]} 12. dxc4 {[%emt 0:00:30]} Bxg2 {[%emt 0:00:00]} 13. Kxg2 {[%emt 0:00:30]} Ne5 {[%emt 0:00:30]} 14. b3 {[%emt 0:00:30]} O-O {[%emt 0:00:30]} 15. Nc3 {[%emt 0:00:30]} Rfd8 {[%emt 0:00:30]} 16. Rd1 {[%emt 0:01:30]} Nd3 {[%emt 0:00:30]} 17. h3 {[%emt 0:05:30]} Nd7 {[%emt 0:01:30]} 18. Nf3 {[%emt 0:02:30]} Nb8 {[%emt 0:01:30]} 19. Bg5 {[%emt 0:02:30]} f6 {[%emt 0:01:30]} 20. Be3 {[%emt 0:00:30]} Nc6 {[%emt 0:00:30]} 21. Rd2 {[%emt 0:00:30]} Rd7 {[%emt 0:00:30]} 22. Rad1 {[%emt 0:00:30]} Rad8 {[%emt 0:00:30]} 23. Na4 {[%emt 0:04:30]} h6 {[%emt 0:01:30]} 24. Kf1 {[%emt 0:01:30]} Nce5 {[%emt 0:05:30]} 25. Nxe5 {[%emt 0:24:30]} Nxe5 {[%emt 0:00:30]} 26. Ke2 {[%emt 0:00:30]} Rxd2+ {[%emt 0:00:00]} 27. Rxd2 {[%emt 0:00:30]} Rxd2+ {[%emt 0:00:00]} 28. Kxd2 {[%emt 0:00:30]} Nd7 {[%emt 0:00:00]} 29. f4 {[%emt 0:00:00]} f5 {[%emt 0:00:00]} 30. Kc2 {[%emt 0:01:00]} a6 {[%emt 0:00:30]} 31. Kb2 {[%emt 0:00:30]} Kf7 {[%emt 0:00:30]} 32. Ka3 {[%emt 0:02:30]} Ke8 {[%emt 0:00:30]} 33. Nb2 {[%emt 0:06:30]} Kd8 {[%emt 0:00:30]} 34. Nd3 {[%emt 0:00:00]} Kc7 {[%emt 0:00:00]} 35. Kb2 {[%emt 0:00:00]} Kc6 {[%emt 0:00:00]} 36. Kc2 {[%emt 0:03:30]} Bd6 {[%emt 0:00:30]} 37. a3 {[%emt 0:01:30]} Nf6 {[%emt 0:00:30]} 38. b4 {[%emt 0:07:30]} cxb4 {[%emt 0:00:30]} 39. axb4 {[%emt 0:00:30]} Ne4 {[%emt 0:01:30]} 40. g4 {[%emt 0:03:03]} fxg4 {[%emt 0:00:30] 7} 41. hxg4 {[%emt 0:00:09]} Nf6 {[%emt 0:00:00] 4} 42. g5 {[%emt 0:05:41]} Ng4 {[%emt 0:00:00] 7} 43. Bd4 {[%emt 0:00:00]} hxg5 {[%emt 0:14:30] 7} 44. fxg5 {[%emt 0:00:11]} e5 {[%emt 0:00:00] 6} 45. Bc3 {[%emt 0:00:35]} g6 {[%emt 0:00:00] 1} 46. Ne1 {[%emt 0:00:20]} e4 {[%emt 0:09:30] 3} 47. Ng2 {[%emt 0:01:16]} Bg3 {[%emt 0:00:30] 5} 48. Bd4 {[%emt 0:01:56]} Kd6 {[%emt 0:05:30] 9} 49. b5 {[%emt 0:03:30]} axb5 {[%emt 0:00:30] 9} 50. cxb5 {[%emt 0:00:35]} Kd5 {[%emt 0:00:30] 4} 51. Ba7 {[%emt 0:00:47]} Ne5 {[%emt 0:18:52]} 52. Kc3 {[%emt 0:03:01]} Nf3 {[%emt 0:06:39]} 53. Be3 {[%emt 0:00:30]} Bd6 {[%emt 0:00:05]} 54. Bc1 {[%emt 0:03:56] [%clk 0:04.00]} Bc7 {[%emt 0:08:06]} 1/2-1/2